| 000 | 00809nam a22002770a 4500 | ||
|---|---|---|---|
| 001 | PT9309 | ||
| 003 | AR-LpoUNG | ||
| 005 | 20210131232349.0 | ||
| 008 | 191001s1996||||sp |||||||||||||||||eng d | ||
| 020 |
_a8425410495 _c$13.05 |
||
| 040 |
_aAR-LpoUNG _bspa _cAR-LpoUNG _eaacr |
||
| 044 | _asp | ||
| 082 | 0 | _aR440.03 212 | |
| 100 | 1 | _aGarcía Navarro, Ana María | |
| 245 | 1 | 0 |
_aDiccionario francés : _bfrancés - español español - francés |
| 250 | _a3ra. ed., 1ra. reimpr. | ||
| 260 |
_aBarcelona : _bHerder, _c1996. |
||
| 300 |
_a644 p. : _bgráfs. |
||
| 505 | 0 | _aPublicados bajo la dirección de Günther Haensch | |
| 650 | 4 | _aDICCIONARIOS | |
| 650 | 4 | _aMATERIAL DE REFERENCIA | |
| 653 | _aDICCIONARIOS BILINGÜES | ||
| 653 | _aDICCIONARIOS DE FRANCES | ||
| 905 | _a9309 | ||
| 942 | _cLSALA | ||
| 999 |
_c15190 _d15190 |
||